02077nas a2200253Ia 4500001001100000003001000011008004100021040002500062041001400087100001900101210001400120222001400134245006700148250001100215260009300226300001100319310001200330362003500342500063800377501011401015520063801129650003901767700001701806R053-S9165IT-CnALBA170116c99999999xx |||||||||||| ||und|| aIT-CnALBAcIT-CnALBA aITALIANO  aMasoni Tullio  aCINEFORUM aCINEFORUM 0aCineforum 425. Maggio 2003. Rivista di cultura cinematografica a1a ed. a BERGAMObFederazione Italiana Cineforum c2003 [1° Ed.:2003 - Ed.Ling.Originale: 2003] a96 p.  aMENSILE aFascicolo: 5 / Anno: 43 (2003) aIl pianeta proibito. Solaris trenta anni dopo. I due solaris. Im. Anderson, De Aramoa, Salvatores, Miyazaki, Friedkin, Zhang, Jee, Schrader, Egoyan, Chow. Grimaldi e Pasolini. Il pianista cinefalo, L'Iraq in tv. Schede, Censi R. Ebbro di donne e di pittura di Im Kwon - Taek. Mosca V. La doccia di Zhang Yang. Etc... Filmese, Zanetti A. Costantino J. Marangi M. Soncini A... Lavversario, Secretary, Rachida. Ilaria Albi etc... Inerviste, Morandini M. Giovanni Venosta. Il pianista cinefilo. Festival e Rassegne, D'Angelo F. I corti di Clermont - Ferrand. Tivutargets. Le lune del cinema. Libri. A cura di E. Comuzio. ' aSocietà San Paolo EM - Piazza San Paolo, 14 - 12051 ALBA (CN) (non commercial uses only) ® Copyright 2017 aIl pianeta proibito. Solaris trenta anni dopo. I due solaris. Im. Anderson, De Aramoa, Salvatores, Miyazaki, Friedkin, Zhang, Jee, Schrader, Egoyan, Chow. Grimaldi e Pasolini. Il pianista cinefalo, L'Iraq in tv. Schede, Censi R. Ebbro di donne e di pittura di Im Kwon - Taek. Mosca V. La doccia di Zhang Yang. Etc... Filmese, Zanetti A. Costantino J. Marangi M. Soncini A... Lavversario, Secretary, Rachida. Ilaria Albi etc... Inerviste, Morandini M. Giovanni Venosta. Il pianista cinefilo. Festival e Rassegne, D'Angelo F. I corti di Clermont - Ferrand. Tivutargets. Le lune del cinema. Libri. A cura di E. Comuzio. ' aARTI RICREATIVE E DELLO SPETTACOLO aVecchi Paolo